Verejný záujem v doprave a rozpočtová politika

Definícia verejného záujmu. Identifikácia verejného záujmu v ekonomike dopravy. Analýza financovania výkonov vo verejnom záujme v cestnej a železničnej doprave. Dopad výkonov vo verejnom záujme v osobnej železničnej doprave na štátny rozpočet. Vzťah medzi dopravnou politikou a rozpočtovou politikou...

Description complète

Enregistré dans:
Détails bibliographiques
Auteur principal: Habánik, Jozef
Format: Chapitre de livre
Langue:slovaque
Sujets:
Tags: Ajouter un tag
Pas de tags, Soyez le premier à ajouter un tag!

MARC

LEADER 00000naa$a2200000$$$4500
001 0019071
005 20231005081618.7
041 0 |a slo 
044 |a SK 
245 1 0 |a Verejný záujem v doprave a rozpočtová politika  |c Jozef Habánik 
520 |a Definícia verejného záujmu. Identifikácia verejného záujmu v ekonomike dopravy. Analýza financovania výkonov vo verejnom záujme v cestnej a železničnej doprave. Dopad výkonov vo verejnom záujme v osobnej železničnej doprave na štátny rozpočet. Vzťah medzi dopravnou politikou a rozpočtovou politikou. 
610 2 0 |a doprava 
610 2 0 |a politika rozpočtová 
610 2 0 |a politika dopravná 
610 2 0 |a doprava osobná 
610 2 0 |a doprava železničná 
610 2 0 |a financovanie 
610 2 0 |a služby verejné 
610 2 0 |a služby dopravné 
100 1 |a Habánik, Jozef